| 000 | 01645nas a2200277Ia 4500 | ||
|---|---|---|---|
| 001 | R050-S2037 | ||
| 003 | IT-CnALBA | ||
| 008 | 170116c99999999xx |||||||||||| ||und|| | ||
| 040 |
_aIT-CnALBA _cIT-CnALBA |
||
| 041 | _aLATINO | ||
| 100 | _aPIO XII, PAPA PACELLI EUGENIO. | ||
| 210 | _aCOMMENTARIUM PRO RELIGIOSIS ET MISSIONARIIS | ||
| 222 | _aCOMMENTARIUM PRO RELIGIOSIS ET MISSIONARIIS | ||
| 245 | 0 | _aCOMMENTARIUM PRO RELIGIOSIS ET MISSIONARIIS. GENNAIO DICEMBRE 1949. | |
| 250 | _a1a ed. | ||
| 260 |
_a ROMA _bVATICANA - LIBR. EDITR. POLIGL. _c1949 [1° Ed.:1949 - Ed.Ling.Originale: 1949] |
||
| 300 | _a348 p. | ||
| 310 | _aBIMESTRALE | ||
| 362 | _aFascicolo: 1-6 / Anno: 30 (1949) | ||
| 500 | _aRIVISTA PER RELIGIOSI E MISSIONARI. EDITA DAI FIGLI DELLA BEATA VERGINE MARIA. INDICE SISTEMATICO. ATTI DEL SANTO PADRE E CONGREGAZIONI ROMANE. MOTO PROPRIO PER L'ISTITUTO PONTIFICIO S. EUGENIO. DECRETO SULL'ASTINENZA E DIGIUNO, CONSULTAZIONI S. GOYENECHE. STUDI CANONICI, AMMISSIONE DEI FIGLI ILLEGITTIMI. STUDI VARI, ASSOCIAZIONI RELIGIOSE PRESSO GLI ANGLICANI. | ||
| 501 | _aSocietà San Paolo EM - Piazza San Paolo, 14 - 12051 ALBA (CN) (non commercial uses only) ® Copyright 2017 | ||
| 520 | _aRIVISTA PER RELIGIOSI E MISSIONARI. EDITA DAI FIGLI DELLA BEATA VERGINE MARIA. INDICE SISTEMATICO. ATTI DEL SANTO PADRE E CONGREGAZIONI ROMANE. MOTO PROPRIO PER L'ISTITUTO PONTIFICIO S. EUGENIO. DECRETO SULL'ASTINENZA E DIGIUNO, CONSULTAZIONI S. GOYENECHE. STUDI CANONICI, AMMISSIONE DEI FIGLI ILLEGITTIMI. STUDI VARI, ASSOCIAZIONI RELIGIOSE PRESSO GLI ANGLICANI. | ||
| 650 | _aMISSIOLOGIA | ||
| 942 | _cCR | ||
| 957 | _71 | ||
| 999 |
_a63935 _bSI _g1 _c330635 _d330635 |
||